000
00284 a2200109 4500
020
_a
1888777923
040
_a
DLC
245
0
4
_a
The 21st century world atlas
260
_a
New York :
_b
Trident press international,
_c
[1999]
300
_a
751 s.
_a
(751 s.) :
_b
kartor
942
_c
BK
_k
912 TRI
_2
ddc
999
_c
4820
_d
4820